LDR 00843naa#a2200181#i#450# 001 EN\\bibl\121279 005 20260502052741.6 011 ## _a1994-4683 100 ## _a20230803b2023####ek#y0engy0150####ca 102 ## _aRU 200 1# _aPROFESSIONAL IMAGE OF THE COACH AS A FACTOR OF THE QUALITY OF THE EDUCATIONAL AND TRAINING PROCESS OF YOUNG ATHLETES _eJournal article 210 1# _aMoscow _cNational State University of Physical Education, Sports and Health named after P.F. Lesgaft _d2023 215 ## _a6 с. 608 ## _aJournal article _2local 675 ## _aПрофессиональные спортивные кадры. Профессиональные учителя физкультуры, инструкторы, тренеры, спортивные руководители. 796.071.4 _z 700 #1 _a _g 700 #1 _a _g 856 4# _auchzapiski.lesgaft.spb.ru _u